000 00369nam a2200133 4500
999 _c1251
_d1251
008 200120b ||||| |||| 00| 0 eng d
082 0 0 _a620.11
_bH6361
100 _9826
_aHiggins, Raymond A.
245 1 0 _aMaterials for the engineering technician
_cby Raymond A. Higgins
260 _aLondon
_bEUP
_c1972
300 _axii, 339 p.
650 0 _aMaterials
942 _2ddc
_cBK